Informácie - svetový problém

Bibliographic Details
Main Authors: Francisci, Michal (Author), Kleinwächter, Wolfgang (Author)
Format: Article
Language:Slovak
Subjects:

MARC

LEADER 00000nab a2200000 a 4500
001 vtls000391350
003 SK-MaSNL
005 20260303160536.0
008 230223c1990 xo 0 slo
015 |a SNBRB19rr/mm-uuuuu 
035 |a CL0391474 
035 |a urn:nbn:sk:snk-ab996 
035 |a (urnnbn)urn:nbn:sk:snk:ar-a03w6r 
035 |a (uuid)f3e100a3-acde-47f5-9e5e-a5786d9b0dc5 
040 |a SNKBUCL  |b slo  |c SNKBUCL  |e AACR2 
041 0 |a slo 
044 |a xo  |c SK 
080 |a 002(100)  |2 1981 
100 1 |a Francisci, Michal  |4 aut  |9 1005898 
245 1 0 |a Informácie - svetový problém  |c Michal Francisci 
650 0 7 |a informácie  |2 snkbucl  |9 1285 
650 0 7 |a medzinárodná komunikácia  |2 snkbucl  |9 4370 
655 7 |a články z novín a časopisov  |2 snkbucl  |9 267496 
700 1 |a Kleinwächter, Wolfgang  |4 aut  |9 1181444 
773 0 |t Otázky žurnalistiky  |g Roč. 33, č. 1-2 (1990), s. 98-100 
787 0 8 |i Rec.:  |a Kleinwächter, Wolfgang  |t Weltproblem Information (Massenmedien und Kommunikations technologien in den internationalen Beziehungen der Gegenwart.)  |d Berlin : Dietz Verlag, 1989 
850 |a Slovenská národná knižnica v Martine  |a MTA001 
852 |a SNK  |b KIS3GCP 
954 |a odborná, vedecká literatúra pôvodná (slovenská)  |2 lita 
958 |a RK 
958 |a DE 
958 |a OND 
958 |a EUIPO 
958 |a article27 
992 |a RBX 
999 |c 2046521  |d 2048451